01796 2200709 4500001002100000005001500021035002500036020002200061040001700083082000800100084001400108090001500122245007300137300004400210650001000254850001200264264004100276336002100317337003000338338002300368007000300391008004100394041001300435500005700448546004500505100002800550700002700578700002600605260004400631999001500675999001500690999001500705999001500720999001500735999001500750999001500765999001500780999001500795999001500810999001500825999001500840990001200855990001100867990001000878990001200888990001200900990001200912990001200924990001200936990001100948990001000959990001200969990001200981990001200993990001201005990001201017990001101029990001001040990001201050990001201062990001201074YOGYA-0209000002788320200804104021 a0010-020900000027883 a978-602-5754-71-5 aYOPDYOGbind a669 a669 BEU i a669bBeu I aIlmu bahan logam /cB.J.M. Beumer; penerjemah, B.S. Anwir, Matondang avii, 165 hlm...jilid :bilus. ;c21 cm. aLogam aYOPDYOG31aBatawisentrem :bBale Pustaka,c1941 2rdacontentateks 2rdamediaatanpa perantara 2rdacarrieravolumeta090227s1978 jkia ind d aindhdut aJudul asli : materialkunde yang diterima jilid 1,2,3 aTeks berbahasa JawabTeks beraksara Jawa aBeumer, B.J.M.epenulis aB.S. Anwirepenerjemah aMatondangepenerjemah aJakarta :bBhratara Karya Aksara,c1978 aP000012121 aP000006221 aP000019484 aP000019485 aP000019486 aP000019487 aP000019488 aP000019489 aP000021863 aP000021866 aP000023980 aP000023978 a21864-P a6221-P a746-P a19488-P a21863-P a21866-p a12121-P a21864-P a6221-P a746-P a19488-P a21863-P a21866-p a12121-P a21864-P a6221-P a746-P a19488-P a21863-P a21866-p